Statistics for Biggest Cities in the Indian Subcontinent on a Map

Click here to take the quiz!

General Stats

  • This quiz has been taken 1,137 times
  • The average score is 23 of 40

Answers on the Map

Answers color-coded by a green-red scale on the quiz's map according to % correct below.
 

Answer Stats

CountryPopulationCity% Correct
India16,350,000Delhi
98%
India18,395,000Mumbai
98%
Bangladesh6,970,000Dhaka
96%
Pakistan14,916,000Karachi
95%
India14,058,000Kolkata
95%
Pakistan1,010,000Islamabad
94%
Sri Lanka561,000Colombo
92%
Nepal1,003,000Kathmandu
92%
India8,520,000Bangalore
90%
India8,654,000Chennai
90%
India7,677,000Hyderabad
90%
Pakistan1,734,000Hyderabad
90%
Pakistan11,126,000Lahore
90%
India6,358,000Ahmedabad
84%
Bhutan115,000Thimphu
82%
Maldives127,000Male
81%
India5,058,000Pune
76%
Bangladesh2,582,000Chittagong
75%
India3,046,000Jaipur
70%
India2,903,000Lucknow
67%
India4,591,000Surat
62%
Pakistan3,205,000Faisalabad
52%
Pakistan2,098,000Rawalpindi
52%
India2,498,000Nagpur
51%
India2,920,000Kanpur
46%
India2,170,000Indore
44%
Pakistan1,001,000Quetta
43%
Pakistan1,970,000Peshawar
42%
Pakistan1,872,000Multan
35%
Pakistan2,027,000Gujranwala
27%
Bangladesh663,000Khulna
22%
Nepal265,000Pokhara
19%
India2,376,000Ghaziabad
15%
Nepal227,000Lalitpur
9%
Bangladesh709,000Narayanganj
9%
Nepal205,000Biratnagar
8%
Bangladesh1,592,000Gazipur
7%
Sri Lanka252,000Kaduwela
3%
Sri Lanka185,000Kesbewa
3%
Sri Lanka196,000Maharagama
3%

Score Distribution

Percentile by Number Answered

Percent of People with Each Score

Your Score History

You have not taken this quiz